000
00305nam a2200157Ia 4500
100
_a
Osho
650
_a
Philosophy
942
_c
BK
366
_f
17.5
245
_a
Maturity
260
_b
St.Martins Griffins
_c
1999
082
_a
155.25/OSH
_b
OSH
300
_a
184
546
_a
ENGLISH
999
_c
20415
_d
20415